[Event "GER-chB Seniors 28th"]
[Site "Niederhausen"]
[Date "2016.08.17"]
[Round "5"]
[White "Sefeloge, Michael"]
[Black "Pflittner, Gino"]
[Result "0-1"]
[WhiteElo "1846"]
[BlackElo "1761"]
[PlyCount "92"]
[EventDate "2016.08.13"]
[EventType "swiss"]
[EventRounds "9"]
[EventCountry "GER"]
[SourceTitle "EXT 2019"]
[Source "ChessBase"]
[SourceDate "2018.10.10"]
[SourceVersion "1"]
[SourceVersionDate "2018.10.10"]
[SourceQuality "1"]

1. d4 e6 2. c4 d5 3. Nc3 Nf6 4. Nf3 c6 5. e3 Nbd7 6. Be2 b6 7. cxd5 Nxd5 8. Nxd5 exd5 9. 0-0 Bd6 10. Qc2 Bb7 11. b3 0-0 12. Bb2 Nf6 13. Bd3 h6 14. Rac1 Re8 15. Rfd1 Ne4 16. Ne5 Bxe5 17. dxe5 Nc5 18. Bf5 Qc7 19. b4 Ne6 20. e4 dxe4 21. Bxe4 c5 22. Rd6 Rad8 23. bxc5 Nxc5 24. Bxb7 Qxb7 25. Rxd8 Rxd8 26. Ba3 Qd5 27. Bxc5 Qxc5 28. Qxc5 bxc5 29. f4 Rc8 30. Kf2 Kf8 31. Ke3 Ke7 32. Ke4 f6 33. Rc4 fxe5 34. Kxe5 Rc6 35. f5 Ra6 36. a4 Ra5 37. g4 Kf7 38. h4 Ke7 39. g5 hxg5 40. hxg5 Kf7 41. Kd5 Ke7 42. Rxc5 Rxa4 43. Rc7+ Kf8 44. g6 Ra1 45. Ke6 Re1+ 46. Kd7 Re7+ 0-1

[Event "GER-chB Seniors 28th"]
[Site "Niederhausen"]
[Date "2016.08.13"]
[Round "1"]
[White "Diskin, Semen"]
[Black "Pflittner, Gino"]
[Result "0-1"]
[WhiteElo "1916"]
[BlackElo "1761"]
[PlyCount "80"]
[EventDate "2016.08.13"]
[EventType "swiss"]
[EventRounds "9"]
[EventCountry "GER"]
[SourceTitle "EXT 2019"]
[Source "ChessBase"]
[SourceDate "2018.10.10"]
[SourceVersion "1"]
[SourceVersionDate "2018.10.10"]
[SourceQuality "1"]

1. d4 e6 2. e3 d5 3. c3 Nf6 4. Nf3 c5 5. Bd3 Nc6 6. 0-0 Bd6 7. Nbd2 Qc7 8. h3 0-0 9. Qe2 b6 10. e4 dxe4 11. Nxe4 Nxe4 12. Qxe4 f5 13. Qh4 Be7 14. Bg5 Bxg5 15. Nxg5 h6 16. Nf3 cxd4 17. Nxd4 Nxd4 18. Qxd4 Rd8 19. Qe3 e5 20. f3 Qc5 21. Qxc5 bxc5 22. Rad1 Be6 23. c4 Rd4 24. b3 Rad8 25. Bc2 Rxd1 26. Rxd1 Rxd1+ 27. Bxd1 Kf7 28. Kf2 Kf6 29. Ke3 Bd7 30. Kd3 Bc6 31. Kc3 e4 32. b4 cxb4+ 33. Kxb4 Ke5 34. Kc5 Bb7 35. h4 g5 36. hxg5 hxg5 37. fxe4 fxe4 38. Kb5 e3 39. g3 Be4 40. Be2 Kd4 0-1

[Event "Rheinland Pfalz op 3rd"]
[Site "Gau Algesheim"]
[Date "2011.08.01"]
[Round "6"]
[White "Voll, Raymond"]
[Black "Pflittner, Gino"]
[Result "1-0"]
[WhiteElo "1748"]
[BlackElo "1600"]
[PlyCount "66"]
[EventDate "2011.07.28"]
[EventType "swiss"]
[EventRounds "7"]
[EventCountry "GER"]
[SourceTitle "EXT 2013"]
[Source "ChessBase"]
[SourceDate "2012.11.22"]
[SourceVersion "1"]
[SourceVersionDate "2012.11.22"]
[SourceQuality "1"]

1. d4 e6 2. c4 d5 3. Nc3 Nf6 4. Bg5 Be7 5. e3 h6 6. Bh4 0-0 7. Nf3 c6 8. c5 b6 9. b4 bxc5 10. bxc5 Ba6 11. Bxa6 Nxa6 12. 0-0 Qa5 13. Qc2 Rab8 14. Bg3 Rb7 15. Rab1 Rxb1 16. Rxb1 Nh5 17. Ne5 Nxg3 18. Nxc6 Qc7 19. Nxe7+ Qxe7 20. hxg3 Rb8 21. Rxb8+ Nxb8 22. Qa4 Qb7 23. Nb5 Nc6 24. Nd6 Qc7 25. Qb5 f6 26. f4 f5 27. Kf2 Kh7 28. Qa4 Qa5 29. Qxa5 Nxa5 30. Nf7 Nc6 31. Ne5 Ne7 32. c6 Kg8 33. c7 Kf8 1-0

[Event "Rheinhessen-ch HTB"]
[Site "Pfeddersheim"]
[Date "2011.04.23"]
[Round "4"]
[White "Pflittner, Gino"]
[Black "Kirmeir, Andreas"]
[Result "1/2-1/2"]
[WhiteElo "1611"]
[BlackElo "1645"]
[PlyCount "38"]
[EventDate "2011.04.21"]
[EventType "swiss"]
[EventRounds "5"]
[EventCountry "GER"]
[SourceTitle "EXT 2012"]
[Source "ChessBase"]
[SourceDate "2011.11.24"]
[SourceVersion "1"]
[SourceVersionDate "2011.11.24"]
[SourceQuality "1"]

1. e4 e6 2. d4 d5 3. e5 c5 4. c3 Nc6 5. Nf3 Bd7 6. Be3 c4 7. Nbd2 b5 8. b4 a5 9. a3 a4 10. Be2 Be7 11. 0-0 Qc7 12. h3 0-0-0 13. Nh2 f6 14. f4 f5 15. g4 g6 16. g5 h5 17. Ndf3 Be8 18. Nh4 Bf8 19. N2f3 Na7 1/2-1/2

[Event "Rheinhessen-ch HTB"]
[Site "Pfeddersheim"]
[Date "2011.04.23"]
[Round "5"]
[White "Springer, Adrian"]
[Black "Pflittner, Gino"]
[Result "1/2-1/2"]
[WhiteElo "1556"]
[BlackElo "1611"]
[PlyCount "128"]
[EventDate "2011.04.21"]
[EventType "swiss"]
[EventRounds "5"]
[EventCountry "GER"]
[SourceTitle "EXT 2012"]
[Source "ChessBase"]
[SourceDate "2011.11.24"]
[SourceVersion "1"]
[SourceVersionDate "2011.11.24"]
[SourceQuality "1"]

1. e4 e5 2. Nf3 Nc6 3. Bc4 Bc5 4. d3 Nge7 5. 0-0 d5 6. exd5 Nxd5 7. Re1 Bg4 8. h3 Bxf3 9. Qxf3 Nf6 10. Bb5 Qd6 11. Bxc6+ bxc6 12. Nd2 Nd7 13. Ne4 Qe7 14. Nxc5 Qxc5 15. c3 Qd5 16. d4 Qxf3 17. gxf3 f6 18. f4 0-0 19. fxe5 fxe5 20. dxe5 Rf3 21. e6 Nb6 22. Kg2 Rd3 23. Re3 Rd6 24. Re1 Re8 25. Bf4 Rdxe6 26. Rxe6 Rxe6 27. Bxc7 Re2 28. Bxb6 axb6 29. Rb1 Kf7 30. Kf3 Rc2 31. Ke3 Kf6 32. a3 Kf5 33. Kf3 g5 34. a4 Ke5 35. Re1+ Kd5 36. Re2 Rxe2 37. Kxe2 Kc4 38. b4 c5 39. a5 bxa5 40. bxa5 Kb5 41. Kf3 Kxa5 42. Kg4 h6 43. h4 Kb5 44. hxg5 hxg5 45. Kxg5 Kc4 46. f4 Kxc3 47. f5 Kb2 48. f6 c4 49. f7 c3 50. f8Q c2 51. Qb4+ Ka1 52. Qd2 Kb1 53. Qd3 Ka1 54. Qd2 Kb1 55. Qd3 Ka1 56. Qa3+ Kb1 57. Qb3+ Ka1 58. Qa3+ Kb1 59. Qb4+ Ka1 60. Qe1+ Kb2 61. Qf2 Ka1 62. Qa7+ Kb2 63. Qb6+ Ka1 64. Qd4+ Kb1 1/2-1/2